000 01232cam a2200361 a 4500
001 14806423
003 Nust
005 20220829121858.0
008 070412s2006 nyu 000 1 eng d
010 _a 2007270372
020 _a14783339
035 _a(OCoLC)ocm76814838
038 _aNusrat
040 _aCLB
_cCLB
_dBAKER
_dYDXCP
_dBTCTA
_dDLC
042 _alccopycat
050 0 0 _aPR6053.O525
_bH325 2006
082 0 0 _a823
_bCOO
100 1 _aCookson, Catherine.
_968201
245 1 4 _aGoodbye Hamiltons /
_cCatherine Cookson.
260 _aNew York :
_bSimon & Schuster,
_c2006.
300 _a203 p. ;
_c24 cm.
505 0 _aHamilton -- Goodbye Hamilton.
563 _aHB
650 0 _aYoung women
_vFiction.
_93694
655 7 _aHumorous fiction.
_2gsafd
_97683
740 0 2 _aHamilton.
740 0 2 _aGoodbye Hamilton.
856 4 2 _3Publisher description
_uhttp://www.loc.gov/catdir/enhancements/fy0729/2007270372-d.html
856 4 2 _3Contributor biographical information
_uhttp://www.loc.gov/catdir/enhancements/fy0915/2007270372-b.html
906 _a7
_bcbc
_ccopycat
_d2
_encip
_f20
_gy-gencatlg
942 _2ddc
_cBK
999 _c174451
_d174451